| 000 | 00486nam a2200181Ia 4500 | ||
|---|---|---|---|
| 008 | 140306s9999 xx 000 0 und d | ||
| 020 | _a9878131512173 | ||
| 041 | _aeng | ||
| 082 |
_a510 _bGHA/MA |
||
| 100 | _aGhanshyam, Tewani | ||
| 245 | _aMathematics for IIT JEE Calculus | ||
| 260 |
_aAustralia _bCengage Learning |
||
| 365 | _bRs. 450/- | ||
| 650 | _aDifferential Equations | ||
| 650 | _aIndefinite Integration | ||
| 650 | _aMethods of Differentiation | ||
| 942 |
_2ddc _cBK |
||
| 999 |
_c187352 _d187352 |
||